000
00216 a2200097 4500
001
45202
100
_a
Bramwell A.R.S
245
_a
Helicopter dynamics
260
_a
London
_b
Edward Arnold
_c
090
_c
28389
_d
28389
942
_a
NUST-CAE
_c
M
_c
20434
999
_c
280275
_d
280275